Statistics for Grand Tour Specials

Click here to take the quiz!

General Stats

  • This quiz has been taken 75 times
    (13 since last reset)
  • The average score is 45 of 52

Answer Stats

ShowSpecials:Answer% Correct
Grand TourSeamen SpecialCambodia
100%
Grand TourFinland
100%
Grand TourMassive Hunt SpecialFrance (Reunion)
100%
Grand TourHungary
100%
Top GearThree Wise Men SpecialIraq
100%
Top GearIsrael (Palestine)
100%
Top GearJordan
100%
Grand TourMadagascar
100%
Top GearWinter Olympics SpecialNorway
100%
Grand TourA Scandi Flick SpecialNorway
100%
Grand TourEurocrashPoland
100%
Top GearRwanda
100%
Grand TourSlovakia
100%
Grand TourSlovenia
100%
Grand TourSweden
100%
Top GearSyria
100%
Top GearNile SpecialUganda
100%
Grand TourLochdown SpecialUnited Kingdom (Scotland)
100%
Grand TourCarnage A Trois SpecialUnited Kingdom (Wales)
100%
Top GearMotorcycle SpecialVietnam
100%
Grand TourVietnam
100%
Top GearPatagonia SpecialArgentina
90%
Top GearNorth Pole SpecialCanada
90%
Top GearChile
90%
Top GearChile
90%
Grand TourSea To Unsalty Sea SpecialGeorgia
90%
Top GearBritish Ambassadors SpecialIndia
90%
Grand TourBeach Buggy SpecialNamibia
90%
Top GearTanzania
90%
Top GearTurkey
90%
Top GearAlabama
80%
Grand TourAzerbaijan
80%
Top GearDeath Road SpecialBolivia
80%
Top GearMakadikadi SpecialBotswana
80%
Grand TourAnimal Photography SpecialColombia
80%
Top GearDeep South SpecialFlorida
80%
Top GearMaryland
80%
Top GearMississippi
80%
Top GearNew York
80%
Top GearNorth Carolina
80%
Top GearEast Coast Road Trip SpecialVirginia
80%
Grand TourAngola (Airspace)
70%
Top GearLouisiana
70%
Grand TourSand JobMauritania
70%
Grand TourSurvival Of The Fattest SpecialMongolia
70%
Grand TourFeed The World SpecialMozambique
70%
Top GearLorry Driver SpecialMyanmar
70%
Top GearPennsylvania
70%
Top GearThailand
70%
Grand TourSenegal
60%
Top GearAustria
40%
Grand TourRV SpecialNevada
40%

Score Distribution

Percentile by Number Answered

Percent of People with Each Score

Your Score History

You have not taken this quiz since the last reset